00645nam a2200205Ia 4500008004100000050001600041050001600057100003100073245011700104245003000221260003100251260001000282260001000292300001600302300002000318300001100338500005600349521001500405999001900420170504s9999 xx 000 0 und d aBF 637.F67  b.So729 2016 aSoverano, Christian Bryan. aSelf-compassion and social connectedness of psychology students of southville international school and colleges/ cChristian Bryan Soverano. aLas Piñas, Philippines : bSISC, c2016. a208 pages : billustrations ; c28 cm. aIncludes bibliographical references and appendices. aPsychology c329819d329819